00707 2200265 4500001002100000005001500021035002000036007000300056008004100059040001700100100001800117245004100135300003300176041000800209082000800217084001400225090001900239260002400258850001000282600002500292700003100317700005300348990002000401990002000421INLIS00000000000359320260529113645 a0010-0621000125ta260529 0  aSBPUPADbind0 aCooper, Colin1 aBaby Care untuk Ayah /cColin Cooper a128 hlm. :billus. ;c26 cm. bind a610 a610 COO b a610 JUD l 15-6 a--Jakarta :bEsensi aPUPAD 4ababy care untuk ayah0 apenerjemah; Nadia Lastiani0 aeditor: Dyah Novieta Handayani; Theresia Vini S. a26.686/P/DPK/17 a26.689/P/DPK/17